| 000 | 00909aaa a2200241 4500 | ||
|---|---|---|---|
| 999 |
_c239 _d239 |
||
| 001 | 239 | ||
| 003 | BD-JhCC | ||
| 005 | 20200403134008.0 | ||
| 008 | 171003s19972015xxu||||| |||| 00| 0 ben d | ||
| 020 | _a9847013301574 | ||
| 035 | _a(BD-JhCC)239 | ||
| 040 |
_aBD-JhCC _dBD-JhCC |
||
| 041 | _aben | ||
| 082 |
_a891.4 _bIQB 1997 |
||
| 100 | _aইকবাল, মুহম্মদ জাফর | ||
| 245 |
_aবুবুনের বাবা / _cমুহম্মদ জাফর ইকবাল |
||
| 260 |
_aঢাকা : _bকাকলী প্রকাশনী, _c1997 |
||
| 300 |
_a111 p. : _c21 cm. |
||
| 650 | _aBengali fiction | ||
| 773 | 0 |
_w236 _aকুমার, সুধীর _dঢাকা : অনুপম প্রকাশনী, 2012 _z9789844042506 _tএনিমোর লিন্ডাবাগর্স সমুদ্রের দান / |
|
| 942 |
_2ddc _cBK _010 |
||